| 000 | 00798nas a2200253 4500 | ||
|---|---|---|---|
| 001 | BR2011005411 | ||
| 003 | BR-BrBNA | ||
| 005 | 20231205115617.0 | ||
| 007 | ta | ||
| 008 | 230509b bl.|||p| |||| 00| 00por d | ||
| 040 |
_aBR-BrBNA _bpor _cBiblioteca Nacional de Agricultura |
||
| 041 | _a(Pt) | ||
| 072 | _aE70 | ||
| 100 | 1 | _aRosa, N.P.da | |
| 100 | 1 | _aRévillion, J.P.P. | |
| 245 | 1 | _aFatores estratégicos explorados pelas empresas processadoras de lácteos para inserir-se no mercado de bebidas à base de soja | |
| 650 | _aSOJA | ||
| 650 | _aMERCADO PRODUTOR | ||
| 650 | _aBEBIDA | ||
| 650 | _aCONSUMIDOR | ||
| 773 | 0 |
_tCiência Rural (Brazil) _xISSN 0103-8478 _g(Jun 2011), v. 41(6) p. 1108-1113 _wBR2011005411 |
|
| 909 |
_a202311 _bLúcia _c55 _dLúcia Elande |
||
| 942 |
_2AGRIS _n0 _cANA |
||
| 999 |
_c214774 _d214774 |
||